000 00880nam a2200289 4500
001 84475
003 DO-SdBNP
005 20180222102234.0
007 84475
008 901015s 1988 sp a spa
016 7 _2BPMSU
020 _a8477222711
040 _aBPMSU
_bspa
_cBPMSU
082 4 _axxx
_bxxx
100 1 _aGoodman, Deborah Lerme
240 1 0 _aVanished!
_lEspañol
245 1 3 _aEl triángulo de las Bermudas /
_cDeborah Lerme Goodman ; ilustraciones Frank Bolle ; traducción Isabel Alonso
260 1 _aBarcelona :
_bTimun Mas,
_c1988.
300 _a116 p.;
_bil.:
_c18 cm,
490 1 _aElige tu propia aventura
_v49
700 1 _aBolle, Frank
_4ilustración
700 1 _aAlonso, Isabel
_etraductor
830 0 _aElige tu propia aventura
_v49
942 _2ddc
_cBK
945 _aInventariado, 2018/ YL
956 _aVMATEO
_210
_320151123
_6BPMSU
_800151
999 _c8862
_d8862